| 000 | nam a22 7a 4500 | ||
|---|---|---|---|
| 999 |
_c332136 _d332136 |
||
| 003 | NUST | ||
| 005 | 20171115100816.0 | ||
| 008 | 171115b xxu||||| |||| 00| 0 eng d | ||
| 020 | _a8120409302 | ||
| 040 | _c0 | ||
| 082 | _a628.4 HUS | ||
| 100 |
_aHusain,S K. _96361 |
||
| 245 |
_aTextbook of Water Supply and Sanitary Engineering: _b(in m k s system or units) _cS.K.HUSAIN |
||
| 250 | _a3rd ed. | ||
| 260 |
_aNew Delhi _bOxford & IBH _c1994 |
||
| 300 | _a906p. | ||
| 500 | _aP.B | ||
| 942 |
_2ddc _cBK _kIESE |
||